RICS response to ODPM (Record no. 117867)

MARC details
000 -LEADER
fixed length control field 00968cam a2200205 4500
001 - CONTROL NUMBER
control field WB@3612-193
008 - FIXED-LENGTH DATA ELEMENTS--GENERAL INFORMATION
fixed length control field 040819n2004 000 0 eng u
035 ## - SYSTEM CONTROL NUMBER
System control number (Sirsi) u127107
245 ## - TITLE STATEMENT
Title RICS response to ODPM
260 ## - PUBLICATION, DISTRIBUTION, ETC.
Date of publication, distribution, etc. 2004
490 ## - SERIES STATEMENT
Series statement RICS Policy Unit Submission
Volume/sequential designation (033-NAJ-2004) 16 August 2004 (9)
520 ## - SUMMARY, ETC.
Summary, etc. The RICS has responded to the ODPM draft guidance on the Planning and Compulsory Purchase Act 2004 Part VIII. As well as making detailed comments on the specific provisions contained in the draft, the response also stresses the need for government to continue to reform the compulsory purchase system if the system is to genuinely assist with land assembly and urban regeneration. http://www.rics.org
590 ## - LOCAL NOTE (RLIN)
Local note WB
590 ## - LOCAL NOTE (RLIN)
Local note WB
650 ## - SUBJECT ADDED ENTRY--TOPICAL TERM
Topical term or geographic name entry element PLANNING AND COMPULSORY PURCHASE ACT 2004 PART VIII
650 ## - SUBJECT ADDED ENTRY--TOPICAL TERM
Topical term or geographic name entry element HOME LOSS PAYMENTS
650 ## - SUBJECT ADDED ENTRY--TOPICAL TERM
Topical term or geographic name entry element URBAN REGENERATION
690 ## - LOCAL SUBJECT ADDED ENTRY--TOPICAL TERM (OCLC, RLIN)
Topical term or geographic name as entry element COMPULSORY PURCHASE AND COMPENSATION
942 ## - ADDED ENTRY ELEMENTS (KOHA)
Suppress in OPAC 0
Holdings
Withdrawn status Lost status Source of classification or shelving scheme Damaged status Not for loan Home library Current library Shelving location Date acquired Total Checkouts Full call number Barcode Date last seen Copy number Price effective from Koha item type
    Dewey Decimal Classification     London London News article 19/08/2004   WB4032-06 127107-1001 06/08/2019 1 06/08/2019 News article